00348nam a2200133Ia 4500008004100000041000800041082002000049100002300069245004500092250001400137260003900151300001700190365000700207240624s9999 xx 000 0 und d aeng a658.4038011 MCN aMCNURLIN BARBARA C aINFORMATION SYSTEMS MANAGEMENT IN PRACTI a(6th ed.) c2004aNew DelhibPearson Education axxiii, : 582 cRS